Visualizzazione normale
Vista MARC
- Villa Claudio
di Personal Name
Records bibliografici associati: 1
001 - CONTROL NUMBER
- control field: 8129
003 - CONTROL NUMBER IDENTIFIER
- control field: IT-RoPau
005 - DATE AND TIME OF LATEST TRANSACTION
- control field: 20140108095929.0
008 - FIXED-LENGTH DATA ELEMENTS
- fixed length control field: 140108|| aca||aabn | a|a d
040 ## - CATALOGING SOURCE
- Original cataloging agency: IT-RoPau
- Transcribing agency: IT-RoPau
100 ## - HEADING--PERSONAL NAME
- Personal name: Villa Claudio
- Miscellaneous information: Codice autore testo/musica SPICS: 1155
- Relator term: Autore testo/musica
- Name of part/section of a work: Binario
670 ## - SOURCE DATA FOUND
- Source citation: Work cat.: (IT-RoPau)102748: AA.VV. 794, Nella tradizione della canzone italiana una grande voce: Alvaro Amici (Lp Sm 3775)